[Event "10th EICC"]
[Site "Budva MNE"]
[Date "2009.03.07"]
[Round "2"]
[White "L'Ami,E"]
[Black "Nanu,C"]
[Result "0-1"]
[WhiteElo "2603"]
[BlackElo "2506"]
[EventDate "2009.03.06"]

1. d4 d5 2. c4 c6 3. Nc3 Nf6 4. Nf3 a6 5. e3 b5 6. b3 Bg4 7. h3 Bxf3 8.
Qxf3 e6 9. c5 Nbd7 10. g4 h6 11. Bd3 e5 12. Qg3 Qe7 13. Kd1 g6 14. f4 e4
15. Be2 Bg7 16. Bb2 a5 17. a3 O-O 18. b4 axb4 19. axb4 Rxa1+ 20. Bxa1 Ra8
21. Kc2 Ne8 22. f5 Bf6 23. fxg6 fxg6 24. Bb2 Bh4 25. Qh2 Nf8 26. Rf1 Qc7
27. Qh1 Bg5 28. Qg1 Ne6 29. Bxb5 cxb5 30. Nxd5 Qb7 31. Nb6 N8c7 32. Nxa8
Qxa8 33. Qf2 Qe8 34. h4 Bd8 35. d5 Nxd5 36. Qd2 Qc6 37. Kb1 Bxh4 38. Rd1
Nec7 39. Qh2 Bg5 40. Qd6 Ne7 41. Qe5 Ne8 42. Rd6 Qc8 43. c6 Kf7 44. Rd1
Qxc6 45. Rc1 Bf6 46. Qf4 Qe6 47. Rf1 g5 48. Qh2 Kg7 49. Qb8 Nd5 50. Qxb5
Nc3+ 51. Bxc3 Qb3+ 52. Kc1 Qxc3+ 53. Kd1 Qa1+ 54. Kd2 Qb2+ 55. Kd1 Qb3+ 56.
Ke1 Qxe3+ 57. Kd1 Qb3+ 58. Ke2 Qe6 59. Kf2 Qxg4 60. Qxe8 Qf3+ 61. Kg1 Qg3+
62. Kh1 Qh3+ 63. Kg1 Bd4+ 0-1

[Event "10th EICC"]
[Site "Budva MNE"]
[Date "2009.03.07"]
[Round "2"]
[White "Szabo,Krisz1"]
[Black "Huzman,A"]
[Result "1-0"]
[WhiteElo "2508"]
[BlackElo "2602"]
[EventDate "2009.03.06"]

1. e4 e5 2. Nf3 Nf6 3. Nxe5 d6 4. Nf3 Nxe4 5. Nc3 Nxc3 6. dxc3 Be7 7. Bf4
O-O 8. Qd2 Nd7 9. O-O-O Nc5 10. Be3 Re8 11. Bc4 Be6 12. Bxe6 Nxe6 13. h4
Qd7 14. Qd3 Qc6 15. Qf5 Qc4 16. Kb1 g6 17. Qh3 h5 18. Nd2 Qe2 19. Rde1 Qg4
20. Qh2 d5 21. f3 Qa4 22. g4 Bd6 23. Qg1 Nf4 24. Qf2 Rxe3 25. Rxe3 Bc5 26.
Rhe1 Rd8 27. Nb3 Bxe3 28. Qxe3 b6 29. Qe5 c5 30. Nxc5 bxc5 31. b3 Qd7 32.
Qxf4 hxg4 33. fxg4 d4 34. Rd1 Qe7 35. Qg5 Kf8 36. cxd4 cxd4 37. Rd3 a6 38.
Qxe7+ Kxe7 39. g5 Ke6 40. c3 Re8 41. cxd4 Rh8 42. d5+ Kd6 43. Rd4 Ke5 44.
Ra4 Ra8 45. Ra5 Rh8 46. d6+ Ke6 47. Ra4 a5 48. Rd4 Kd7 49. Kb2 Re8 50. a4
Re3 51. Rf4 1-0

[Event "10th EICC"]
[Site "Budva MNE"]
[Date "2009.03.07"]
[Round "2"]
[White "Kurnosov,I"]
[Black "Nyzhnyk,I"]
[Result "1-0"]
[WhiteElo "2602"]
[BlackElo "2504"]
[EventDate "2009.03.06"]

1. e4 c5 2. Nf3 Nc6 3. Nc3 e5 4. Bc4 d6 5. d3 Be7 6. O-O Nf6 7. Ng5 O-O 8.
f4 Bg4 9. Qe1 h6 10. h3 Bh5 11. g4 hxg5 12. fxg5 Nh7 13. gxh5 Bxg5 14. Qg3
Kh8 15. Ne2 Bxc1 16. Raxc1 f5 17. Rxf5 Rxf5 18. exf5 d5 19. Bb5 Qf6 20.
Bxc6 bxc6 21. Rf1 Ng5 22. h4 Nf7 23. Kg2 Rf8 24. Qf2 Nh6 25. Ng3 Qe7 26.
Kh3 Qd6 27. Qe3 Kh7 28. b3 a6 29. c4 Rf6 30. Rf3 Rf8 31. Qg5 Rf6 32. Qe3
Rf8 33. Qf2 Rf6 34. Qb2 Rf7 35. Qe2 Rf8 36. Rf1 Rf7 37. Qe3 Rf6 38. Qe1 Rf7
39. Qe2 Rf6 40. Qe3 Rf7 41. Re1 Nxf5 42. Qxe5 Qd7 43. Qe6 Qxe6 44. Rxe6 Nd4
45. Re5 Nf3 46. Re8 Rf4 47. Ne2 Rf5 48. Kg3 d4 49. Nf4 Ne5 50. Ne6 Nf7 51.
Rf8 Re5 52. Rxf7 Rxe6 53. Rf5 Re3+ 54. Kf4 Rxd3 55. Rxc5 Rd2 56. Rxc6 Rxa2
57. Ke4 Rb2 58. Rxa6 Rxb3 59. Kxd4 Rh3 60. Ra5 Rxh4+ 61. Kc3 Kh6 62. Re5 g6
63. hxg6 Kxg6 64. Kb4 Kf6 65. Re1 Rh8 66. c5 1-0

[Event "10th EICC"]
[Site "Budva MNE"]
[Date "2009.03.07"]
[Round "2"]
[White "Lajthajm,B"]
[Black "Azarov,S"]
[Result "1/2-1/2"]
[WhiteElo "2502"]
[BlackElo "2600"]
[EventDate "2009.03.06"]

1. d4 Nf6 2. c4 e6 3. Nf3 b6 4. g3 Ba6 5. Nbd2 d5 6. Bg2 Be7 7. O-O O-O 8.
b3 c5 9. Bb2 Nc6 10. Rc1 Rc8 11. cxd5 exd5 12. Bh3 Rc7 13. dxc5 bxc5 14.
Re1 d4 15. Ba3 Nd5 16. Ne4 Ncb4 17. Qd2 d3 18. Bxb4 Nxb4 19. Bf1 dxe2 20.
Bxe2 Rd7 21. Qe3 Nd5 22. Qd2 Nb4 23. Qe3 Nd5 24. Qd2 1/2-1/2

[Event "10th EICC"]
[Site "Budva MNE"]
[Date "2009.03.07"]
[Round "2"]
[White "Bartel,Mat"]
[Black "Banusz,T"]
[Result "1-0"]
[WhiteElo "2594"]
[BlackElo "2501"]
[EventDate "2009.03.06"]

1. e4 e5 2. Nf3 Nc6 3. Bb5 a6 4. Ba4 Nf6 5. O-O Be7 6. Re1 b5 7. Bb3 d6 8.
c3 O-O 9. d4 Bg4 10. Be3 exd4 11. cxd4 d5 12. e5 Ne4 13. a4 Qd7 14. Nc3
Nxc3 15. bxc3 Rab8 16. axb5 axb5 17. Bc2 Bh5 18. Ra6 Bg6 19. Bxg6 hxg6 20.
Bg5 Rbe8 21. Qd3 Nd8 22. e6 Nxe6 23. Raxe6 fxe6 24. Ne5 Qd6 25. Bxe7 Qxe7
26. Nxg6 Qd7 27. Qh3 Rf5 28. f4 e5 29. Rxe5 Rexe5 30. fxe5 1-0

[Event "10th EICC"]
[Site "Budva MNE"]
[Date "2009.03.07"]
[Round "2"]
[White "Antic,De"]
[Black "Kozul,Z"]
[Result "0-1"]
[WhiteElo "2495"]
[BlackElo "2594"]
[EventDate "2009.03.06"]

1. d4 Nf6 2. c4 g6 3. Nc3 Bg7 4. e4 d6 5. Nf3 O-O 6. Be2 e5 7. O-O c6 8.
Re1 Na6 9. Bf1 Bg4 10. d5 c5 11. Be2 Bd7 12. Bg5 h6 13. Bd2 Ne8 14. g3 f5
15. Nh4 Qf6 16. exf5 gxf5 17. a3 Nec7 18. Bh5 Be8 19. Rb1 Nb8 20. Bxe8 Nxe8
21. Qh5 Nd7 22. f3 Qf7 23. Qxf7+ Rxf7 24. Nd1 h5 25. Kg2 Kh7 26. f4 Bh6 27.
Nf2 Nf8 28. Nh3 e4 29. Bc3 Ng6 30. Nxg6 Kxg6 31. Nf2 Rc8 32. Nd1 Nf6 33.
Ne3 Ng4 34. Rbd1 Rh7 35. Nf1 h4 36. Re2 hxg3 37. hxg3 Bg7 38. Bxg7 Kxg7 39.
Rdd2 Rch8 40. b4 b6 41. bxc5 bxc5 42. Rb2 Kg6 43. Kg1 Re7 44. a4 Rhh7 45.
a5 Rb7 46. Rb5 a6 47. Rb6 Rxb6 48. axb6 Rb7 49. Rb2 Nf6 50. Ne3 Nd7 51. Rh2
Rxb6 52. Ra2 Nf6 53. Kf2 Ng4+ 54. Nxg4 fxg4 55. Ke3 Kf5 56. Ra3 a5 57. Rxa5
Rb3+ 58. Ke2 Rxg3 59. Ra6 Rg2+ 60. Ke3 Rg3+ 61. Ke2 Kxf4 62. Rxd6 Rg2+ 63.
Kd1 Ke3 64. Rg6 Kd3 65. Kc1 e3 66. d6 Rc2+ 67. Kb1 Rxc4 0-1

[Event "10th EICC"]
[Site "Budva MNE"]
[Date "2009.03.07"]
[Round "2"]
[White "Simacek,P"]
[Black "Sedlak,N"]
[Result "1/2-1/2"]
[WhiteElo "2493"]
[BlackElo "2592"]
[EventDate "2009.03.06"]

1. e4 d5 2. exd5 Qxd5 3. Nc3 Qd6 4. d4 Nf6 5. Nf3 c6 6. Ne5 Nbd7 7. Nc4 Qc7
8. Qf3 Nb6 9. Bf4 Qd7 10. O-O-O Qg4 11. Qxg4 Bxg4 12. f3 Be6 13. Nxb6 axb6
14. a4 O-O-O 15. b3 g6 16. Kb2 Bg7 17. Be5 Nh5 18. Bxg7 Nxg7 19. Ne2 Nf5
20. c4 f6 21. g3 Kb8 22. Rd3 Bc8 23. Bg2 e5 24. Rhd1 Nxd4 25. Nxd4 exd4 26.
Rxd4 Rxd4 27. Rxd4 Re8 28. Kc3 Re1 29. f4 Bf5 30. Rd2 Re3+ 31. Kb2 Kc7 32.
Bf1 Re1 33. Be2 h5 34. Bd1 Bh3 35. Bc2 f5 36. Kc3 Bg4 37. Bd3 h4 38. gxh4
Re3 39. Kd4 Rh3 40. Ke5 Rxh4 1/2-1/2

[Event "10th EICC"]
[Site "Budva MNE"]
[Date "2009.03.07"]
[Round "2"]
[White "Stevic,H"]
[Black "Spoelman,W"]
[Result "0-1"]
[WhiteElo "2592"]
[BlackElo "2493"]
[EventDate "2009.03.06"]

1. e4 c5 2. Nf3 d6 3. d4 Nf6 4. dxc5 Nxe4 5. cxd6 Nxd6 6. Nc3 Nc6 7. Bf4 g6
8. Nb5 Nxb5 9. Qxd8+ Nxd8 10. Bxb5+ Nc6 11. Ne5 a6 12. Ba4 b5 13. Bb3 Nd8
14. a4 Bb7 15. axb5 axb5 16. Rxa8 Bxa8 17. O-O g5 18. Bg3 e6 19. Ra1 Bb7
20. Ra5 h5 21. f3 f6 22. Nd3 Bc6 23. Ra6 Kd7 24. Bf2 Kc7 25. Bd4 Be7 26.
Ne5 Bb7 27. Ra5 fxe5 28. Bxe5+ Kb6 29. Rxb5+ Kxb5 30. Bxh8 Bd5 31. Bxd5
exd5 32. Kf2 Ne6 33. Ke2 Bd6 34. g3 Bc5 35. c3 Kc4 36. Be5 Kb3 37. f4 g4
38. Bf6 Kc4 39. f5 Nf8 40. Bg7 Nh7 41. f6 Ng5 42. Bh6 Nf7 43. Bf4 d4 44. b4
d3+ 45. Kd2 Bb6 46. b5 Ba5 47. Ke3 Bxc3 48. b6 Bd4+ 49. Ke4 Nd6+ 50. Bxd6
d2 51. f7 Bg7 52. Kf5 d1=Q 53. Kg6 Qd4 54. Be7 Qb2 0-1

[Event "10th EICC"]
[Site "Budva MNE"]
[Date "2009.03.07"]
[Round "2"]
[White "Larino Nieto,D"]
[Black "Damljanovic,B"]
[Result "0-1"]
[WhiteElo "2488"]
[BlackElo "2587"]
[EventDate "2009.03.06"]

1. e4 c5 2. Nf3 e6 3. d4 cxd4 4. Nxd4 Nf6 5. Bd3 Nc6 6. Nxc6 bxc6 7. O-O d5
8. Nd2 Be7 9. b3 a5 10. Bb2 Ba6 11. Bxa6 Rxa6 12. Qe2 Ra8 13. f4 O-O 14. e5
Nd7 15. f5 exf5 16. Rxf5 Nc5 17. Raf1 Ne6 18. Qg4 a4 19. R1f3 axb3 20. Rxb3
Rxa2 21. Rh5 Bg5 22. Nf3 Be3+ 23. Rxe3 Rxb2 24. Nh4 d4 25. Rd3 Qa5 26. h3
g6 27. Rd1 Qc5 28. Kh1 Ng7 29. Rh6 Qxc2 30. Rf1 Rb1 31. Rxb1 Qxb1+ 32. Kh2
Qc1 33. Nxg6 fxg6 0-1

[Event "10th EICC"]
[Site "Budva MNE"]
[Date "2009.03.07"]
[Round "2"]
[White "Vavrak,P"]
[Black "Hillarp Persson,T"]
[Result "0-1"]
[WhiteElo "2488"]
[BlackElo "2586"]
[EventDate "2009.03.06"]

1. d4 e6 2. c4 c5 3. d5 exd5 4. cxd5 d6 5. Nc3 g6 6. e4 Bg7 7. Bd3 Ne7 8.
Nf3 a6 9. a4 Bg4 10. h3 Bxf3 11. Qxf3 Nd7 12. Qg3 O-O 13. O-O Qc7 14. h4
Rae8 15. h5 Ne5 16. Be2 f5 17. f4 Nd7 18. hxg6 hxg6 19. exf5 Bd4+ 20. Be3
Bxe3+ 21. Qxe3 Nxf5 22. Qf2 Nf6 23. Bf3 Qh7 24. Rfe1 Nd4 25. b4 Nxf3+ 26.
Qxf3 cxb4 27. Ne4 Nxe4 28. Rxe4 Rxe4 29. Qxe4 Qf7 30. Re1 a5 31. g3 Qf5 32.
Qd4 Rc8 33. Re2 Rc1+ 34. Kf2 Qh5 35. Qf6 Qh2+ 36. Kf3 Rc3+ 37. Re3 Qh1+ 38.
Ke2 Qg2+ 0-1

[Event "10th EICC"]
[Site "Budva MNE"]
[Date "2009.03.07"]
[Round "2"]
[White "Gagunashvili,M"]
[Black "Skoberne,J"]
[Result "1-0"]
[WhiteElo "2585"]
[BlackElo "2489"]
[EventDate "2009.03.06"]

1. d4 d5 2. c4 c6 3. Nf3 Nf6 4. e3 Bg4 5. h3 Bxf3 6. Qxf3 e6 7. Bd3 Nbd7 8.
O-O Bd6 9. Nc3 O-O 10. Rd1 Re8 11. Qe2 Qe7 12. Bd2 Bc7 13. Rac1 Rac8 14. g3
e5 15. cxd5 cxd5 16. Nb5 Bb8 17. Rxc8 Rxc8 18. dxe5 Nxe5 19. Bf5 Re8 20.
Nd4 g6 21. Bc2 h5 22. Nf3 Ne4 23. Be1 Qc5 24. Nxe5 Bxe5 25. b4 Qc6 26. Bb3
d4 27. Qf3 Ng5 28. Qxc6 bxc6 29. f4 1-0

[Event "10th EICC"]
[Site "Budva MNE"]
[Date "2009.03.07"]
[Round "2"]
[White "Mastrovasilis,A"]
[Black "Iordachescu,V"]
[Result "1/2-1/2"]
[WhiteElo "2486"]
[BlackElo "2584"]
[EventDate "2009.03.06"]

1. d4 Nf6 2. c4 e6 3. Nc3 Bb4 4. Nf3 c5 5. g3 cxd4 6. Nxd4 Ne4 7. Qd3 Nxc3
8. bxc3 Be7 9. Nb5 Nc6 10. Bf4 e5 11. Be3 O-O 12. Bg2 d6 13. Rd1 Qa5 14.
Nxd6 Bxd6 15. Bxc6 bxc6 16. Qxd6 Qxc3+ 17. Qd2 Qxc4 18. Rc1 Qd5 19. f3 e4
20. Qxd5 cxd5 21. Kf2 exf3 22. exf3 Ba6 23. Rc7 Rfb8 24. Rhc1 Bc4 25. Rc2
a5 26. Ra7 Rxa7 27. Bxa7 Rb7 28. Bd4 h5 29. h4 a4 30. Bc5 Rb1 31. a3 Rd1
32. Bb4 f6 33. Rc3 Kh7 34. Re3 d4 35. Re7 Rf1+ 36. Kg2 Rc1 37. g4 d3 38.
Rd7 hxg4 39. fxg4 Bb5 40. Rd4 g5 41. hxg5 fxg5 42. Kf2 Rc2+ 43. Ke1 Re2+
44. Kd1 Rg2 45. Kc1 Kg6 46. Bd2 Re2 47. Kd1 Re5 48. Bc3 Kf7 49. Rxd3
1/2-1/2

[Event "10th EICC"]
[Site "Budva MNE"]
[Date "2009.03.07"]
[Round "2"]
[White "Levin,Ev"]
[Black "Banikas,H"]
[Result "0-1"]
[WhiteElo "2484"]
[BlackElo "2582"]
[EventDate "2009.03.06"]

1. d4 Nf6 2. c4 e6 3. Nc3 Bb4 4. Qc2 c5 5. dxc5 O-O 6. Nf3 Na6 7. a3 Bxc3+
8. Qxc3 Nxc5 9. e3 b6 10. Be2 Ba6 11. O-O d5 12. b3 Rc8 13. a4 Qc7 14. Bb2
dxc4 15. bxc4 Rfd8 16. Rfc1 Bb7 17. Nd4 Qd7 18. a5 e5 19. Nf3 Bxf3 20. gxf3
e4 21. axb6 axb6 22. Rd1 Qh3 23. fxe4 Rxd1+ 24. Rxd1 Na4 25. Qd4 Nxb2 26.
Rd2 Nxc4 27. Qxc4 h6 28. Qd4 Rc6 29. Qd8+ Kh7 30. e5 Ne4 31. Rd6 Nxd6 0-1

[Event "10th EICC"]
[Site "Budva MNE"]
[Date "2009.03.07"]
[Round "2"]
[White "Timman,J"]
[Black "Anisimov,P2"]
[Result "0-1"]
[WhiteElo "2581"]
[BlackElo "2488"]
[EventDate "2009.03.06"]

1. c4 e5 2. g3 Nc6 3. Bg2 g6 4. Nc3 Bg7 5. d3 d6 6. e4 f5 7. Nge2 Nf6 8.
O-O O-O 9. Nd5 Ne7 10. Bg5 Nexd5 11. cxd5 h6 12. Bd2 a5 13. f4 exf4 14.
Nxf4 Qe8 15. exf5 Bxf5 16. h3 Nh5 17. g4 Bd4+ 18. Kh2 Nxf4 19. Bxf4 Bxd3
20. Qxd3 Rxf4 21. Rxf4 Be5 22. Raf1 g5 23. Be4 Bxf4+ 24. Kg2 Qe5 25. Rf2
Re8 26. Re2 Kg7 27. Bf3 Be3 28. b3 Re7 29. a4 Kf6 30. Re1 Qb2+ 31. Kh1 Qe5
32. Kg2 Qb2+ 33. Kh1 Kg7 34. Bg2 Qe5 35. Bf3 Qb2 36. Bg2 Qe5 37. Bf3 Re8
38. Qc2 Qf6 39. Kg2 Re7 40. Re2 Bb6 41. Rxe7+ Qxe7 42. Qf5 Qf6 43. Be4 Qxf5
44. Bxf5 Kf6 45. Bc8 c5 46. Bxb7 Ke5 47. Kf3 Kd4 48. Ba6 Kxd5 49. Bc4+ Kd4
50. Bg8 Bd8 51. Bf7 Bf6 52. Bg8 Be5 53. Bf7 Bh2 54. Bg8 Bg1 55. Bf7 Be3 56.
Bg8 Bc1 57. Bf7 d5 58. Bg8 Bf4 59. Bf7 c4 60. bxc4 dxc4 61. Ke2 Kc3 62. Be6
Kb4 63. Kd1 Kb3 64. Bf7 Kc3 65. Ke2 Be5 66. Kd1 Kd3 67. Bg6+ Ke3 68. Bf7 c3
69. Kc2 Kf3 70. Kd3 Kg3 71. Kc2 Kxh3 72. Bh5 Kg3 73. Kd3 Kf3 74. Kc2 Ke4
75. Bf7 Kd4 76. Be8 Kc4 77. Bf7+ Kb4 78. Be8 Bf6 79. Bd7 h5 80. gxh5 Kc4
81. h6 Kd4 82. h7 Ke3 83. Kd1 Bg7 84. Be6 Kf4 85. Ke2 Ke5 86. Bh3 Kf4 87.
Be6 g4 88. Bd7 Kg3 89. Bf5 Kh3 90. Ke3 Kh4 91. Be4 Kg5 92. Bd3 Bh8 93. Bc2
g3 94. Be4 Kg4 95. Bg2 Kf5 96. Be4+ Ke5 97. Bc2 g2 0-1

[Event "10th EICC"]
[Site "Budva MNE"]
[Date "2009.03.07"]
[Round "2"]
[White "Bosiocic,Mari"]
[Black "Chirila,I"]
[Result "1-0"]
[WhiteElo "2578"]
[BlackElo "2485"]
[EventDate "2009.03.06"]

1. e4 c5 2. Nf3 d6 3. d4 cxd4 4. Nxd4 Nf6 5. Nc3 g6 6. Be3 Bg7 7. f3 O-O 8.
Qd2 Nc6 9. O-O-O d5 10. exd5 Nxd5 11. Nxc6 bxc6 12. Bd4 Nxc3 13. Qxc3 Bh6+
14. Be3 Bxe3+ 15. Qxe3 Qb6 16. Qc3 Be6 17. Kb1 Qf2 18. h4 Rad8 19. Bd3 Qxg2
20. Rdf1 Bd5 21. Qe5 Bxf3 22. Rhg1 Qh3 23. Bf5 Qxh4 24. Rxf3 Qd4 25. Qe1
Rb8 26. b3 c5 27. Rg4 Qd5 28. Rgg3 c4 29. Be4 Qd4 30. Rh3 Rb5 31. Qh4 Rh5
32. Qxe7 Re5 33. Qh4 h5 34. Bc6 Qd1+ 35. Kb2 cxb3 36. Rxb3 Re1 37. Ka3 Re6
38. Rhc3 Rc8 39. Bb5 Rxc3 40. Rxc3 Qc1+ 41. Ka4 Qb2 42. Rc8+ Kh7 43. Qc4
Kg7 44. Rc7 Qe5 45. Rxa7 g5 46. Rc7 g4 47. Rc5 Qe3 48. Bc6 Rf6 49. Kb5 g3
50. Rxh5 Rg6 51. Rf5 f6 52. Rd5 1-0

[Event "10th EICC"]
[Site "Budva MNE"]
[Date "2009.03.07"]
[Round "2"]
[White "Gallagher,Jo"]
[Black "Halkias,S"]
[Result "1/2-1/2"]
[WhiteElo "2480"]
[BlackElo "2578"]
[EventDate "2009.03.06"]

1. e4 e5 2. Nf3 Nc6 3. Bc4 Nf6 4. d3 d5 5. exd5 Nxd5 6. O-O Bg4 7. h3 Bh5
8. Re1 Be7 9. g4 Bg6 10. Nxe5 Nxe5 11. Rxe5 Nb6 12. Bb3 O-O 13. Nc3 Kh8 14.
Qf3 f5 15. Be3 Bd6 16. Rxf5 Bxf5 17. gxf5 Qd7 18. Qxb7 Qxf5 19. Qg2 Bf4 20.
Bd4 Be5 21. Be3 Rf6 22. Ne4 Rg6 23. Ng3 Bxg3 24. fxg3 Rf8 25. Bf2 Nd7 26.
Bd5 Rgf6 27. Bd4 Rd6 28. Be4 Qg5 29. Bf2 Ne5 30. h4 Qh5 1/2-1/2

[Event "10th EICC"]
[Site "Budva MNE"]
[Date "2009.03.07"]
[Round "2"]
[White "Maze,S"]
[Black "Lintchevski,D"]
[Result "1/2-1/2"]
[WhiteElo "2579"]
[BlackElo "2481"]
[EventDate "2009.03.06"]

1. e4 c5 2. Nf3 Nc6 3. Nc3 e6 4. d4 cxd4 5. Nxd4 Nf6 6. Nxc6 bxc6 7. e5 Nd5
8. Ne4 Bb7 9. Be2 c5 10. O-O Qc7 11. c4 Ne3 12. Nd6+ Bxd6 13. exd6 Qc6 14.
Bf3 Nxd1 15. Bxc6 Bxc6 16. Rxd1 O-O 17. Be3 Rfc8 18. Rd3 Be4 19. Rb3 e5 20.
Rb5 Rab8 21. b3 Rxb5 22. cxb5 Bd3 23. a4 Bc2 24. Ra3 f5 25. f4 exf4 26.
Bxf4 Kf7 27. Kf2 Ke6 28. h4 Kd5 29. Ke3 c4 30. bxc4+ Rxc4 31. a5 Re4+ 32.
Kf3 Ra4 1/2-1/2

[Event "10th EICC"]
[Site "Budva MNE"]
[Date "2009.03.07"]
[Round "2"]
[White "Durarbeyli,V"]
[Black "Yemelin,V"]
[Result "0-1"]
[WhiteElo "2439"]
[BlackElo "2578"]
[EventDate "2009.03.06"]

1. e4 e6 2. d4 d5 3. Nd2 Be7 4. Bd3 c5 5. dxc5 Nf6 6. Qe2 O-O 7. Ngf3 a5 8.
O-O Na6 9. e5 Nd7 10. c3 Naxc5 11. Bc2 b6 12. Re1 Ba6 13. Qe3 f6 14. b4
fxe5 15. Nxe5 Nxe5 16. bxc5 Bxc5 17. Qxe5 Rxf2 18. Qxe6+ Kh8 19. Kh1 Qh4
20. Nf3 Rxf3 21. gxf3 Qf2 22. Be3 Qxf3+ 23. Kg1 Bf1 24. Rxf1 Bxe3+ 25. Qxe3
Qxe3+ 26. Rf2 Rf8 27. Raf1 g6 28. Bb3 Rxf2 29. Rxf2 Qxc3 30. Bxd5 Qc1+ 31.
Kg2 Qg5+ 0-1

[Event "10th EICC"]
[Site "Budva MNE"]
[Date "2009.03.07"]
[Round "2"]
[White "Romanov,E"]
[Black "Nikolov,Mo"]
[Result "1-0"]
[WhiteElo "2576"]
[BlackElo "2478"]
[EventDate "2009.03.06"]

1. Nf3 Nf6 2. c4 b6 3. g3 Bb7 4. Bg2 e6 5. O-O Be7 6. Nc3 O-O 7. Re1 c5 8.
e4 d6 9. d4 cxd4 10. Nxd4 Qc7 11. Be3 a6 12. Rc1 Nbd7 13. f4 Rac8 14. g4
Nc5 15. Bf2 Ba8 16. g5 Nfd7 17. b4 Nb7 18. h4 Rfe8 19. f5 Bf8 20. h5 Ne5
21. g6 Nd8 22. Bh3 Nxc4 23. gxf7+ Nxf7 24. fxe6 Nfe5 25. Nd5 Bxd5 26. exd5
b5 27. Qe2 Be7 28. Kh1 Bg5 29. Rcd1 Rf8 30. Nf5 g6 31. Rg1 Bf6 32. Rg2 Kh8
33. hxg6 Nxg6 34. e7 Nxe7 35. Nd4 Ne5 36. Ne6 Qb7 37. Nxf8 Rxf8 38. Be6
N7g6 39. Rdg1 Qe7 40. Qh5 Bg7 41. Rh2 Bf6 42. Rxg6 Nxg6 43. Qxg6 Be5 44.
Rh3 Qc7 45. Bg1 Qe7 46. Bf5 Rf7 47. Qe6 Qf8 48. Rh5 Rc7 49. Be3 Bc3 50. Bh6
Qd8 51. Bf4 1-0

[Event "10th EICC"]
[Site "Budva MNE"]
[Date "2009.03.07"]
[Round "2"]
[White "Zueger,B"]
[Black "Vuckovic,Bo"]
[Result "0-1"]
[WhiteElo "2408"]
[BlackElo "2576"]
[EventDate "2009.03.06"]

1. d4 Nf6 2. c4 g6 3. Nc3 d5 4. cxd5 Nxd5 5. Bd2 Bg7 6. e4 Nb6 7. Be3 O-O
8. Bb5 c6 9. Be2 Qd6 10. Qd2 f5 11. Nh3 e5 12. dxe5 Qxd2+ 13. Bxd2 Bxe5 14.
Ng5 fxe4 15. Ngxe4 Bf5 16. Nc5 N8d7 17. Nxb7 Rae8 18. Be3 Nd5 19. Nxd5 cxd5
20. O-O Rb8 21. Bf3 Nf6 22. Na5 Rfc8 23. Rad1 Rxb2 24. Bxd5+ Nxd5 25. Rxd5
Bc3 26. Bd4 Bxd4 27. Rxd4 Rxa2 28. Nc4 Ra4 0-1

[Event "10th EICC"]
[Site "Budva MNE"]
[Date "2009.03.07"]
[Round "2"]
[White "Rasulov,Vu"]
[Black "Andersson,U"]
[Result "1/2-1/2"]
[WhiteElo "2391"]
[BlackElo "2571"]
[EventDate "2009.03.06"]

1. e4 e6 2. d4 d5 3. Nd2 c5 4. exd5 Qxd5 5. Ngf3 cxd4 6. Bc4 Qd6 7. O-O Nf6
8. Nb3 Nc6 9. Nbxd4 Nxd4 10. Nxd4 a6 11. c3 Qc7 12. Bb3 Bd6 13. h3 O-O 14.
Re1 Bh2+ 15. Kh1 Bf4 16. Qf3 Bxc1 17. Raxc1 Bd7 18. Qe3 Bc6 19. Qe5 Rac8
20. Qxc7 Rxc7 21. Nxc6 Rxc6 22. Rcd1 h5 23. Rd4 Rfc8 24. Red1 Kf8 25. Rd8+
Ke7 26. Rxc8 Rxc8 27. Kh2 Ne4 28. Rd4 Nd6 29. Bd1 g6 30. Bf3 a5 31. Ra4 b6
32. Ra3 Rc5 33. b4 axb4 34. cxb4 Rc4 35. Ra7+ Kf6 36. a3 b5 37. Ra6 Ke7 38.
Bc6 h4 39. Ra7+ Kf6 40. Ra6 Ke7 41. Ra7+ Kf6 42. Ra6 Ke7 1/2-1/2

[Event "10th EICC"]
[Site "Budva MNE"]
[Date "2009.03.07"]
[Round "2"]
[White "Jankovic,A"]
[Black "Erdogdu,M"]
[Result "1/2-1/2"]
[WhiteElo "2571"]
[BlackElo "2460"]
[EventDate "2009.03.06"]

1. d4 Nf6 2. c4 g6 3. Nc3 Bg7 4. e4 d6 5. Nf3 O-O 6. Be2 e5 7. O-O Nc6 8.
d5 Ne7 9. Ne1 Nd7 10. Nd3 f5 11. Bd2 Kh8 12. Rc1 Nf6 13. f3 c6 14. dxc6
Nxc6 15. Be3 Nd4 16. b3 b6 17. Nb4 fxe4 18. fxe4 Bb7 19. Nbd5 Nxd5 20. cxd5
Qe7 21. Nb5 Rfc8 22. Rxc8+ Rxc8 23. Nxa7 Ra8 24. Nb5 Rxa2 25. Nxd4 exd4 26.
Bxd4 Bxd5 27. exd5 Rxe2 28. Bxb6 Qe4 29. Bf2 Bc3 30. Qc1 Rc2 31. Qe3 Qxd5
32. Qe8+ Kg7 33. Qe7+ Kg8 34. Qd8+ Kg7 35. Qe7+ Kg8 36. Qe8+ Kg7 37. Qd7+
Kg8 38. Qe8+ Kg7 1/2-1/2

[Event "10th EICC"]
[Site "Budva MNE"]
[Date "2009.03.07"]
[Round "2"]
[White "Marinkovic,Sl"]
[Black "Pikula,D"]
[Result "1/2-1/2"]
[WhiteElo "2388"]
[BlackElo "2570"]
[EventDate "2009.03.06"]

1. e4 c5 2. Nf3 e6 3. d4 cxd4 4. Nxd4 a6 5. Bd3 Nf6 6. O-O d6 7. c4 g6 8.
Nc3 Bg7 9. Be3 O-O 10. Be2 b6 11. Qd2 Bb7 12. f3 Qc7 13. Rfd1 1/2-1/2

[Event "10th EICC"]
[Site "Budva MNE"]
[Date "2009.03.07"]
[Round "2"]
[White "Kotanjian,T"]
[Black "Rukavina,J"]
[Result "0-1"]
[WhiteElo "2568"]
[BlackElo "2417"]
[EventDate "2009.03.06"]

1. d4 d6 2. Nf3 g6 3. c4 Bg7 4. Nc3 e5 5. e4 Bg4 6. d5 Nd7 7. Be2 Bxf3 8.
Bxf3 h5 9. a3 Bh6 10. b4 Kf8 11. Bb2 Ngf6 12. h4 Kg7 13. g3 Qe7 14. Na2
Rhc8 15. Bc1 c6 16. Bxh6+ Kxh6 17. Rc1 cxd5 18. cxd5 Kg7 19. O-O Rxc1 20.
Nxc1 Qd8 21. Nb3 Rc8 22. Qd3 Nb6 23. Na5 Rc7 24. Ra1 Qc8 25. Kg2 Nc4 26.
Nb3 Nb2 27. Qd2 Na4 28. Re1 Nc3 29. Qd3 a6 30. Rc1 b6 31. Nd2 b5 32. Be2
Nxe2 33. Rxc7 Qxc7 34. Qxe2 Qc2 35. Qe1 Qb2 36. Qe3 Ng4 37. Qd3 Qa2 38. f3
Nf6 39. Kf1 Nd7 40. Qe3 Qc2 41. Ke2 Qc7 42. g4 Nf6 43. g5 Nd7 44. Kd1 Nb6
45. f4 exf4 46. Qxf4 Qc3 47. Ke2 Qb2 48. Kf1 Qc1+ 49. Ke2 Qb2 50. Kf1 Kg8
51. Qf2 Nd7 52. Qe3 Ne5 53. Ke1 Qc2 54. Qa7 Qc3 55. Ke2 Qxa3 56. Kd1 Qxb4
57. Qxa6 Qc5 58. Qa8+ Kh7 59. Qb7 Kg7 60. Qe7 b4 61. Nf3 Ng4 62. Qb7 Nf2+
63. Ke2 Nxe4 0-1

[Event "10th EICC"]
[Site "Budva MNE"]
[Date "2009.03.07"]
[Round "2"]
[White "Georgiadis,I"]
[Black "Perunovic,Mil"]
[Result "1/2-1/2"]
[WhiteElo "2383"]
[BlackElo "2568"]
[EventDate "2009.03.06"]

1. e4 c5 2. Nf3 d6 3. d4 cxd4 4. Nxd4 Nf6 5. Nc3 a6 6. Bg5 e6 7. f4 Nbd7 8.
Qf3 Qc7 9. O-O-O b5 10. Bd3 Bb7 11. Rhe1 Qb6 12. Nd5 Qxd4 13. Bxf6 gxf6 14.
Bxb5 Qc5 15. Nxf6+ Kd8 16. Nxd7 Qxb5 17. Nxf8 Rxf8 18. Qa3 Ke8 19. Qxd6 Qc6
20. Qd2 Qc7 21. f5 Rd8 22. Qb4 Rxd1+ 23. Rxd1 Rg8 24. g3 Rg4 25. fxe6 Rxe4
26. exf7+ Kxf7 27. Rd4 a5 28. Qb3+ Kg7 29. Qd3 Rxd4 30. Qxd4+ Kg6 31. b3 h5
32. Qd3+ Kg5 33. Qe3+ Kf5 34. h3 Qg7 35. g4+ hxg4 36. hxg4+ Kg6 37. Qe6+
Kg5 38. Qf5+ Kh4 39. Kb1 a4 40. bxa4 1/2-1/2

[Event "10th EICC"]
[Site "Budva MNE"]
[Date "2009.03.07"]
[Round "2"]
[White "Anton,T"]
[Black "Shomoev,A"]
[Result "0-1"]
[WhiteElo "2350"]
[BlackElo "2567"]
[EventDate "2009.03.06"]

1. d4 Nf6 2. c4 g6 3. Nf3 Bg7 4. g3 O-O 5. Bg2 d6 6. O-O Nbd7 7. Nc3 e5 8.
d5 a5 9. e4 Nc5 10. Ne1 Nfd7 11. Nd3 f5 12. exf5 gxf5 13. Be3 b6 14. Nb5
Nxd3 15. Qxd3 f4 16. gxf4 exf4 17. Bd4 Ne5 18. Bxe5 Bxe5 19. Kh1 Kh8 20.
Nd4 Qf6 21. Rfd1 f3 22. Nxf3 Bxb2 23. Rab1 Bf5 24. Qxf5 Qxf5 25. Rxb2 Qh5
0-1

[Event "10th EICC"]
[Site "Budva MNE"]
[Date "2009.03.07"]
[Round "2"]
[White "Deviatkin,A"]
[Black "Kadric,D"]
[Result "1-0"]
[WhiteElo "2566"]
[BlackElo "1982"]
[EventDate "2009.03.06"]

1. e4 c5 2. Nf3 d6 3. c3 Nf6 4. Be2 Nbd7 5. Qc2 Qc7 6. O-O g6 7. d3 Bg7 8.
Bg5 O-O 9. Nbd2 h6 10. Bh4 b6 11. Rfe1 Bb7 12. h3 g5 13. Bg3 Nh5 14. Bh2
Nf4 15. Bf1 e5 16. Rad1 f5 17. Bxf4 exf4 18. exf5 Ne5 19. d4 Nxf3+ 20. Nxf3
Kh8 21. dxc5 dxc5 22. Bc4 Rad8 23. f6 Bxf6 24. Rxd8 Rxd8 25. Qg6 Bg7 26.
Re8+ 1-0

[Event "10th EICC"]
[Site "Budva MNE"]
[Date "2009.03.07"]
[Round "2"]
[White "Martinovic,Sa"]
[Black "Vallejo Pons,F"]
[Result "0-1"]
[WhiteElo "2427"]
[BlackElo "2702"]
[EventDate "2009.03.06"]

1. d4 Nf6 2. c4 e6 3. Nc3 Bb4 4. g3 O-O 5. Bg2 d5 6. a3 Bxc3+ 7. bxc3 c6 8.
Nf3 b6 9. cxd5 cxd5 10. c4 dxc4 11. Ne5 Nd5 12. Nxc4 Nd7 13. Ne3 Bb7 14.
Nxd5 Bxd5 15. Bxd5 exd5 16. Qb3 Nb8 17. Bd2 Nc6 18. e3 Qd7 19. O-O Nd8 20.
a4 Ne6 21. Rab1 Ng5 22. f3 h6 23. h4 Nh7 24. Kg2 Nf6 25. Qb5 Qe6 26. Rfc1
Rfc8 27. Qa6 Qf5 28. g4 Nxg4 29. fxg4 Qxg4+ 30. Kf1 Re8 31. Qe2 Qxh4 32.
Qf2 Qh5 33. Rc6 Re4 34. Be1 Rae8 35. Rbc1 Rxe3 36. Qg2 R3e4 37. Bg3 Rxd4
38. Rc8 Rd1+ 0-1